[Event "AUS-ch U12"]
[Site "Canberra"]
[Date "2007.01.19"]
[Round "4"]
[White "Mantoro, Mamo"]
[Black "Chitturi, Sathya"]
[Result "0-1"]
[WhiteElo "917"]
[BlackElo "638"]
[PlyCount "128"]
[EventDate "2007.01.14"]
[EventType "swiss"]
[EventRounds "11"]
[EventCountry "AUS"]
[SourceTitle "EXT 2008"]
[Source "ChessBase"]
[SourceDate "2007.11.25"]
[SourceVersion "1"]
[SourceVersionDate "2007.11.25"]
[SourceQuality "1"]

1. e4 e5 2. f4 exf4 3. Nf3 Nf6 4. Nc3 Bb4 5. e5 Ng8 6. d4 Ne7 7. Bxf4 0-0 8. Bd3 Re8 9. 0-0 Bxc3 10. bxc3 Nbc6 11. Ng5 f5 12. Qh5 h6 13. Qf7+ Kh8 14. Bxf5 Rf8 15. Qh5 Rxf5 16. Nf7+ Rxf7 17. Qxf7 Qg8 18. Bg3 Qxf7 19. Rxf7 Kh7 20. c4 Ng6 21. d5 Ncxe5 22. Bxe5 Nxe5 23. Re7 d6 24. Re8 b6 25. Re7 Bd7 26. Re1 Rd8 27. h3 Bxh3 28. R7xe5 dxe5 29. gxh3 Re8 30. Kf2 Kg6 31. Ke3 Kf7 32. Ke4 Ke7 33. Rf1 Kd6 34. Rf7 Re7 35. Rxe7 Kxe7 36. Kxe5 g6 37. c3 a6 38. a4 a5 39. h4 g5 40. hxg5 hxg5 41. Kf5 g4 42. Kxg4 Kd6 43. Kf5 Kc5 44. Ke6 Kxc4 45. d6 cxd6 46. Kxd6 Kxc3 47. Kc6 Kb4 48. Kxb6 Kxa4 49. Kc5 Kb3 50. Kd4 a4 51. Kd3 a3 52. Kd2 Kb2 53. Kd3 a2 54. Kc4 a1Q 55. Kd3 Qa4 56. Kd2 Qc4 57. Ke3 Kc2 58. Kf3 Kd2 59. Kf2 Qf4+ 60. Kg2 Ke2 61. Kh3 Qg5 62. Kh2 Qg4 63. Kh1 Kf2 64. Kh2 Qh4# 0-1

[Event "AUS-ch U12"]
[Site "Canberra"]
[Date "2007.01.16"]
[Round "3"]
[White "Mason, Stuart"]
[Black "Mantoro, Mamo"]
[Result "0-1"]
[WhiteElo "523"]
[BlackElo "917"]
[PlyCount "106"]
[EventDate "2007.01.14"]
[EventType "swiss"]
[EventRounds "11"]
[EventCountry "AUS"]
[SourceTitle "EXT 2008"]
[Source "ChessBase"]
[SourceDate "2007.11.25"]
[SourceVersion "1"]
[SourceVersionDate "2007.11.25"]
[SourceQuality "1"]

1. e4 c5 2. Nf3 e6 3. c4 Qc7 4. Nc3 Nc6 5. d4 cxd4 6. Nxd4 Nxd4 7. Qxd4 b6 8. Bd2 Nf6 9. b4 Bxb4 10. Nb5 Bxd2+ 11. Kxd2 Qf4+ 12. Qe3 Qxe3+ 13. Kxe3 0-0 14. f4 a6 15. Nc7 Ra7 16. e5 Ng4+ 17. Kf3 Nh6 18. Nd5 exd5 19. cxd5 d6 20. g4 Bxg4+ 21. Ke4 dxe5 22. fxe5 Rd8 23. d6 f6 24. Bc4+ Kf8 25. Raf1 Bh3 26. Rf2 Ng4 27. Rf4 Bg2+ 28. Kd4 Bxh1 29. Rxg4 fxe5+ 30. Kxe5 Re8+ 31. Kf5 g6+ 32. Kg5 Kg7 33. Rg1 Re5+ 34. Kf4 Re4+ 35. Kg3 Rxc4 36. Rxh1 Rd7 37. Rd1 Rc6 38. Kf4 Rcxd6 39. Rxd6 Rxd6 40. Ke5 Rd2 41. Ke6 Rxh2 42. Kd6 Rxa2 43. Kc6 b5 44. Kc5 h5 45. Kb4 Ra4+ 46. Kb3 h4 47. Kc3 h3 48. Kb3 h2 49. Kc3 h1Q 50. Kd3 Qf3+ 51. Kc2 Ra2+ 52. Kb1 Qb3+ 53. Kc1 Qc2# 0-1

[Event "AUS-ch U12"]
[Site "Canberra"]
[Date "2007.01.15"]
[Round "2"]
[White "Mantoro, Mamo"]
[Black "Karibasic, Sabin"]
[Result "0-1"]
[WhiteElo "917"]
[BlackElo "559"]
[PlyCount "98"]
[EventDate "2007.01.14"]
[EventType "swiss"]
[EventRounds "11"]
[EventCountry "AUS"]
[SourceTitle "EXT 2008"]
[Source "ChessBase"]
[SourceDate "2007.11.25"]
[SourceVersion "1"]
[SourceVersionDate "2007.11.25"]
[SourceQuality "1"]

1. d4 Nf6 2. Bg5 d5 3. Nc3 e6 4. e4 Bb4 5. e5 Bxc3+ 6. bxc3 h6 7. Bh4 g5 8. Bg3 Ne4 9. Qd3 Nc6 10. h4 Nxg3 11. Qxg3 gxh4 12. Qg7 Rf8 13. Bb5 Bd7 14. Nf3 Qe7 15. Qxh6 0-0-0 16. a4 Rh8 17. Qg5 Qxg5 18. Nxg5 Rdf8 19. a5 a6 20. Ba4 f6 21. exf6 Rxf6 22. Nf3 h3 23. Ng5 Rg6 24. Nxh3 Rxg2 25. Kf1 Rg5 26. Ke2 Rgh5 27. Rag1 Rxh3 28. Rxh3 Rxh3 29. Rg8+ Nd8 30. Bxd7+ Kxd7 31. Rg3 Rxg3 32. fxg3 Kc6 33. Kf3 Kb5 34. Kf4 Nf7 35. g4 Kxa5 36. g5 Nxg5 37. Kxg5 Kb5 38. Kf4 Kc4 39. Ke3 Kxc3 40. Kf4 a5 41. Ke5 a4 42. Kxe6 a3 43. Kxd5 a2 44. Ke6 a1Q 45. d5 Qa6+ 46. Ke5 Kxc2 47. Ke4 Qc4+ 48. Ke5 b5 49. Ke6 b4 0-1